| 000 | 004440000a22001810004500 | ||
|---|---|---|---|
| 003 | MACL | ||
| 005 | 20160113155356.0 | ||
| 008 | 160113b xxu||||| |||| 00| 0 eng d | ||
| 040 |
_aMACL _cMACL |
||
| 041 | _aEnglish | ||
| 082 | _a954.2/CHA | ||
| 100 |
_aChatterji, N _925242 |
||
| 245 | _aClive As an Administrator | ||
| 260 |
_bThe Indian Press _c1955 _aAllahabad |
||
| 350 | _a10 | ||
| 650 |
_aHistory _931919 |
||
| 942 |
_cBK _k954.2/Cha _2ddc |
||
| 999 |
_c35916 _d35916 |
||